000 00427nam a2200145Ia 4500
008 100122s9999 xx 000 0 und d
082 _b10329
_a796.358
100 _aपंडित बाळ ज
245 _aपहिले शतक
260 _bडायमंड बुक स्ट्रॉल
_c1960
300 _a100
630 _aपहिले शतक
730 _aपहिले शतक
942 _cBOOK
999 _c402025
_d402022